| 000 | 01435nac a22003251u 4500 | ||
|---|---|---|---|
| 010 | _a 95006517 | ||
| 020 | _a0521483050 (hbk.) | ||
| 020 | _a0521556678 (pbk.) | ||
| 082 | 0 | 0 |
_a331.25920941 _bPRA |
| 090 |
_c7583 _d7583 |
||
| 100 | _aPrais, S. J. | ||
| 245 | 1 | 0 |
_aProductivity, education, and training : _ban international perspective / _cS.J. Prais. |
| 260 |
_aCambridge [England] ; _aNew York : _bCambridge University Press,1995 _c1995. |
||
| 300 |
_axiv, 138 p. ; _c24 cm. |
||
| 490 | 1 |
_aOccasional papers / National Institute of Economic and Social Research ; _v48 |
|
| 500 | _adistributer: Al-Ahram | ||
| 504 | _aIncludes bibliographical references (p. 133-134) and index. | ||
| 511 | _acatalogued by: wessam | ||
| 650 | 0 |
_aOccupational training _zGreat Britain. |
|
| 650 | 0 |
_aVocational education _zGreat Britain. |
|
| 650 | 0 |
_aBusiness and education _zGreat Britain. |
|
| 650 | 0 |
_aVocational qualifications _zGreat Britain. |
|
| 650 | 0 |
_aLabor productivity _zGreat Britain. |
|
| 650 | 0 |
_aOccupational training _zEurope. |
|
| 650 | 0 |
_aVocational education _zEurope. |
|
| 830 | 0 | _aOccasional papers (National Institute of Economic and Social Research) ; | |
| 856 | 4 | 2 |
_3Publisher description _uhttp://www.loc.gov/catdir/description/cam026/95006517.html |
| 856 | 4 | 2 |
_3Table of contents _uhttp://www.loc.gov/catdir/toc/cam022/95006517.html |
| 942 |
_cBB _k331.25920941PRA |
||
| 999 |
_c7583 _d7583 |
||